| 000 | 00845aam a2200289 i 4500 | ||
|---|---|---|---|
| 001 | 768714001 | ||
| 003 | CO-MdFUSB | ||
| 005 | 20250509155521.0 | ||
| 007 | ta | ||
| 008 | 250509t1995 -us |||| |||| 00| 0 eng d | ||
| 040 | _cCO-MdFUSB | ||
| 041 | 0 | _aeng | |
| 082 | 0 | 4 |
_223 _a242.2 _bE718m |
| 100 | 1 |
_aErny, Edward _eautor |
|
| 245 | 1 | 0 |
_aLegacies of faith : _bdaily devotional readings drawn from great christian literature both ancient and modern _c/ Ed Erny |
| 264 | 1 |
_bOriental Missionary Society, _aGreenwood, Estados Unidos : _c[1995] |
|
| 264 | 4 | _c©1995 | |
| 300 | _a4 volúmenes | ||
| 336 |
_atexto _btxt _2rdacontent |
||
| 337 |
_2rdamedia _asin mediación _bn |
||
| 338 |
_2rdacarrier _avolumen _bnc |
||
| 563 | _aRústico | ||
| 650 | 0 |
_aVida cristiana _919 |
|
| 942 | _cBK | ||
| 945 | _aJTF-925 | ||
| 999 |
_c43546 _d43546 |
||